000 00998nam a22002777a 4500
003 DO-SdBNP
005 20230518115228.0
008 160616b 2004 ck | 00| 0 spa d
020 _a9583014125
020 _a978-9583014123
040 _aBPMSU
_bspa
_cBPMSU
082 4 _a927.8481
_bG218 M
_222
100 1 _aMonsalve B., Jaime Andrés
_d1890-1935
245 1 0 _aCarlos Gardel :
_bcuesta arriba en su rodada /
_cJaime Andrés Monsalve B.; Dirección editorial Conrado Zuluaga.
260 _aBogotá :
_bPanamericana Editorial,
_c 2005.
300 _a150 p., 8 h. . de láminas ;
_c23 cm.
490 0 _a100 Personajes;
_a Autores
500 _aIncluye bibliografía, discografía, filmografía y cronología.
600 1 4 _aGardel, Carlos,
_d1890-1935.
650 4 _aTango
_xHistoria
650 4 _aCantantes argentinos
_vBiografías
700 1 _aZuluaga, Conrado,
_d1945-,
_eed.
830 0 _a100 personajes.
_pAutores
910 _aVMateo V. Control de calidad (BPMSU)
942 _2ddc
_cBK
999 _c10409
_d10409